000 00711nam a22002537a 4500
001 28174
003 UA-OsUOA
005 20210907154930.0
007 ta
008 20040929b un ||||| |||| 00| 0 ukr d
020 _a9663130075
040 _aUA-OsUOA
_bukr
_cUA-OsUOA
_dUA-OsUOA
041 _aukr
044 _aUA
080 _a347.1
090 _a347.1
_bЦ57
245 _aЦивільне право України: академічний курс
260 _aК.
_bІн Юре
_c2004
300 _a520 с.
650 7 _a347 Цивільне право. Судовий устрій
_2UDC
942 _cBK
_2udc
955 _a2
999 _c314535
_d314535